[Event "DEM U16w Oberhof"]
[Site "?"]
[Date "2013.05.19"]
[Round "2.12"]
[White "Gazizova, Alina"]
[Black "Titgemeyer, Eva Maria"]
[Result "0-1"]
[WhiteElo "1074"]
[BlackElo "1567"]
[PlyCount "90"]
[EventDate "2013.??.??"]

1. d4 d5 2. Nf3 Nf6 3. c4 e6 4. e3 c6 5. Nc3 Bb4 6. Bd3 Nbd7 7. O-O O-O 8. Bd2
Ba5 9. Qc2 Bc7 10. e4 dxe4 11. Nxe4 Nxe4 12. Bxe4 Nf6 13. Rfe1 Nxe4 14. Qxe4 h6
15. Rad1 Qd6 16. Qe5 Qd7 17. Qe4 b6 18. Bc3 Bb7 19. Ne5 Qd6 20. a3 Rab8 21. Qe3
Qe7 22. Bb4 Bd6 23. Bxd6 Qxd6 24. Nf3 Rfd8 25. Qe5 Qd7 26. b4 Ba6 27. Rc1 Rbc8
28. Re4 Bb7 29. Rce1 c5 30. Rg4 f6 31. Qxe6+ Qxe6 32. Rxe6 cxd4 33. Rxd4 Rxd4
34. Nxd4 Rxc4 35. h3 Rxd4 36. Re7 Be4 37. Rxa7 Rd1+ 38. Kh2 Rd2 39. Re7 Re2 40.
Re6 Bd3 41. Rd6 Bf5 42. Rxb6 Rxf2 43. Kg1 Ra2 44. Rb5 Be4 45. Rb8+ Kf7 0-1

[Event "DEM U16w Oberhof"]
[Site "?"]
[Date "2013.05.19"]
[Round "2.13"]
[White "Michels, Kim"]
[Black "Weiten, Katharina"]
[Result "1-0"]
[WhiteElo "1641"]
[BlackElo "1080"]
[PlyCount "63"]
[EventDate "2013.??.??"]

1. e4 e5 2. Nf3 Nc6 3. Bc4 Bc5 4. c3 Nf6 5. d4 exd4 6. cxd4 Bb6 7. e5 Ne4 8.
O-O d6 9. exd6 cxd6 10. Re1 d5 11. Bxd5 Qxd5 12. Nc3 Qd8 13. Rxe4+ Be6 14. d5
O-O 15. dxe6 fxe6 16. Qxd8 Raxd8 17. Rxe6 Ba5 18. Bg5 Rd7 19. h3 h6 20. Be3 Nd8
21. Re5 Bc7 22. Rd5 Rdf7 23. Bxa7 b6 24. Rad1 Nc6 25. Nb5 Ra8 26. Nxc7 Rxa7 27.
Ne6 Ra8 28. Nd8 Nxd8 29. Rxd8+ Rxd8 30. Rxd8+ Rf8 31. Rxf8+ Kxf8 32. a4 1-0

[Event "DEM U16w Oberhof"]
[Site "?"]
[Date "2013.05.20"]
[Round "3.1"]
[White "Zahn, Alina"]
[Black "Heinemann, Josefine"]
[Result "1/2-1/2"]
[WhiteElo "1935"]
[BlackElo "1970"]
[PlyCount "74"]
[EventDate "2013.??.??"]

1. e4 c5 2. Nf3 d6 3. d4 cxd4 4. Nxd4 Nf6 5. Nc3 a6 6. h3 e5 7. Nde2 Be6 8. g4
d5 9. exd5 Nxd5 10. Bg2 Bb4 11. O-O Bxc3 12. Nxc3 Nxc3 13. Qxd8+ Kxd8 14. bxc3
Kc7 15. Rb1 Nc6 16. Rb2 Rad8 17. Be3 b5 18. a4 Bc4 19. Rfb1 Rb8 20. a5 Rhd8 21.
Bb6+ Rxb6 22. axb6+ Kxb6 23. Bf1 Na5 24. Ra1 Rd2 25. Bxc4 Nxc4 26. Rba2 a5 27.
Kf1 e4 28. Re1 e3 29. Re2 exf2 30. Kxf2 Rxe2+ 31. Kxe2 Kc5 32. Ra1 a4 33. Kd3
a3 34. Ke2 Kd5 35. Kd3 Kc5 36. Ke2 Kd5 37. Kd3 Kc5 1/2-1/2

[Event "DEM U16w Oberhof"]
[Site "?"]
[Date "2013.05.20"]
[Round "3.2"]
[White "Bluhm, Sonja Maria"]
[Black "Schwarz, Larissa"]
[Result "1-0"]
[WhiteElo "2030"]
[BlackElo "1943"]
[PlyCount "69"]
[EventDate "2013.??.??"]

1. e4 c5 2. d3 Nc6 3. g3 g6 4. Bg2 Bg7 5. f4 d6 6. Nf3 e6 7. O-O Nge7 8. c3 d5
9. e5 Qb6 10. Na3 O-O 11. Nc2 Qc7 12. Ne3 Nf5 13. Ng4 Qe7 14. Qe1 d4 15. c4 Rd8
16. a3 a5 17. Ng5 h5 18. Nf2 Ne3 19. Bxe3 dxe3 20. Qxe3 Nd4 21. Rad1 Nf5 22.
Qc1 Rb8 23. g4 Nd4 24. Qe3 h4 25. Nfe4 b5 26. cxb5 Rxb5 27. Qf2 Bb7 28. Qxh4
Rxb2 29. Kh1 Nc2 30. Qh3 Nxa3 31. Qh7+ Kf8 32. f5 exf5 33. gxf5 Qxe5 34. f6 Rd7
35. Qxg7+ 1-0

[Event "DEM U16w Oberhof"]
[Site "?"]
[Date "2013.05.20"]
[Round "3.3"]
[White "Schaefer, Annabelle"]
[Black "Diederichs, Luise"]
[Result "1/2-1/2"]
[WhiteElo "1957"]
[BlackElo "1906"]
[PlyCount "61"]
[EventDate "2013.??.??"]

1. e4 c5 2. Nc3 d6 3. f4 g6 4. Nf3 Bg7 5. Bc4 e6 6. f5 exf5 7. d3 Ne7 8. O-O
O-O 9. Qe1 Nbc6 10. Qh4 Qd7 11. Bh6 fxe4 12. Bxg7 Nf5 13. Qf6 Nxg7 14. Ng5 Ne5
15. Nd5 Re8 16. Qxe5 Rxe5 17. Nf6+ Kh8 18. Nxd7 Rxg5 19. Rxf7 Bxd7 20. Rxd7
exd3 21. Bxd3 Ne6 22. Rf1 Rf8 23. Rxf8+ Nxf8 24. Rxd6 Kg7 25. Be4 b6 26. Rc6
Re5 27. Bd3 Re7 28. a4 Ne6 29. Kf2 Nd4 30. Rc8 Rf7+ 31. Ke3 1/2-1/2

[Event "DEM U16w Oberhof"]
[Site "?"]
[Date "2013.05.20"]
[Round "3.4"]
[White "Srokovskiy, Andrea"]
[Black "Gassmann, Linda"]
[Result "1/2-1/2"]
[WhiteElo "1767"]
[BlackElo "1784"]
[PlyCount "70"]
[EventDate "2013.??.??"]

1. d4 Nf6 2. c4 g6 3. Nc3 d6 4. e4 Bg7 5. f4 O-O 6. Nf3 c5 7. d5 b5 8. cxb5 a6
9. Bd2 Bd7 10. a4 axb5 11. axb5 Rxa1 12. Qxa1 Qb6 13. Bc4 Ne8 14. Qa4 Nc7 15.
O-O Nba6 16. Qb3 Bxc3 17. bxc3 Bxb5 18. Kh1 Rb8 19. Rb1 Qa5 20. Bxb5 Qxb5 21.
Qxb5 Rxb5 22. Rxb5 Nxb5 23. Kg1 c4 24. Nd4 Nxd4 25. cxd4 Nc7 26. Kf2 Nb5 27.
Ke3 e6 28. dxe6 fxe6 29. d5 exd5 30. exd5 Kf7 31. g4 Kf6 32. Ke4 c3 33. Bc1 c2
34. Kd3 Nc7 35. Kd4 Nb5+ 1/2-1/2

[Event "DEM U16w Oberhof"]
[Site "?"]
[Date "2013.05.20"]
[Round "3.5"]
[White "Weber, Sandra"]
[Black "Siegl, Melina"]
[Result "1/2-1/2"]
[WhiteElo "1766"]
[BlackElo "1773"]
[PlyCount "58"]
[EventDate "2013.??.??"]

1. e4 c5 2. Nf3 d6 3. d4 cxd4 4. Nxd4 Nf6 5. Nc3 a6 6. Be2 e5 7. Nb3 Be7 8. O-O
O-O 9. f3 Nbd7 10. Be3 b6 11. a4 Bb7 12. Bc4 Qc7 13. Bd5 Rfd8 14. Rf2 Bxd5 15.
exd5 Nc5 16. Nd2 Rac8 17. Nde4 Qb7 18. Rd2 Ncxe4 19. fxe4 Rxc3 20. bxc3 Nxe4
21. Rd3 Rc8 22. Qe1 f5 23. Rb1 Bd8 24. g3 Rc4 25. Rb4 Qc8 26. Rb3 f4 27. Bf2
fxg3 28. hxg3 Rxa4 29. Rb4 Rxb4 1/2-1/2

[Event "DEM U16w Oberhof"]
[Site "?"]
[Date "2013.05.20"]
[Round "3.6"]
[White "Fesselier, Melissa"]
[Black "Priese, Annika"]
[Result "1-0"]
[WhiteElo "1738"]
[BlackElo "1703"]
[PlyCount "67"]
[EventDate "2013.??.??"]

1. e4 c5 2. Nf3 d6 3. d4 cxd4 4. Nxd4 Nf6 5. Nc3 a6 6. Be2 e6 7. Be3 Nbd7 8.
O-O b5 9. a3 Bb7 10. f3 Be7 11. Nb3 O-O 12. Bd3 d5 13. exd5 Nxd5 14. Nxd5 Bxd5
15. Qe2 Qc7 16. Rac1 Nf6 17. Nd2 Rac8 18. c4 bxc4 19. Nxc4 Ra8 20. Nb6 Qb7 21.
Nxa8 Rxa8 22. Qc2 Bf8 23. Bd4 Bb3 24. Qc6 Qxc6 25. Rxc6 a5 26. Bxf6 gxf6 27.
Bc4 Bxc4 28. Rxc4 Rb8 29. Rd1 Rxb2 30. Rg4+ Kh8 31. Rd8 h5 32. Rxf8+ Kh7 33.
Rxf7+ Kh8 34. Ra4 1-0

[Event "DEM U16w Oberhof"]
[Site "?"]
[Date "2013.05.20"]
[Round "3.7"]
[White "Titgemeyer, Eva Maria"]
[Black "Bosse, Lea"]
[Result "0-1"]
[WhiteElo "1567"]
[BlackElo "1604"]
[PlyCount "120"]
[EventDate "2013.??.??"]

1. e4 e6 2. d4 d5 3. Nd2 Nc6 4. c3 e5 5. Ne2 Nf6 6. dxe5 Nxe5 7. Ng3 dxe4 8.
Ndxe4 Qxd1+ 9. Kxd1 Nxe4 10. Nxe4 Bf5 11. Ng3 O-O-O+ 12. Ke1 Bd3 13. Bxd3 Nxd3+
14. Ke2 Bc5 15. Rd1 Nxf2 16. Rxd8+ Rxd8 17. b4 Re8+ 18. Kf3 Bb6 19. a4 a6 20.
a5 Ba7 21. Bf4 Nd3 22. Bd2 Ne5+ 23. Kf4 Nc4 24. Be1 Be3+ 25. Kf3 Nd2+ 26. Kg4
g6 27. h4 f5+ 28. Kh3 f4 29. Nh1 f3 30. gxf3 Nxf3 31. Kg2 Bd2 32. Bxd2 Nxd2 33.
Kf2 Ne4+ 34. Kf3 Nxc3 35. Nf2 Nd5 36. Rb1 Re3+ 37. Kg4 Nc3 38. Rb2 Ne2 39. Nh1
Re4+ 40. Kg5 Nc1 41. Nf2 Rd4 42. Rb1 Nd3 43. Nxd3 Rxd3 44. Kh6 Rd7 45. Kg5 Rd5+
46. Kg4 h6 47. Rb3 Rd4+ 48. Kg3 g5 49. hxg5 hxg5 50. Rb1 Kd7 51. Kf3 Kd6 52.
Kg3 Ke5 53. Rb3 g4 54. Kg2 Ke4 55. Kf2 Rd3 56. Rb2 g3+ 57. Kg2 Kd4 58. Kg1 Kc3
59. Rb1 Kc2 60. Rf1 Rd1 0-1

[Event "DEM U16w Oberhof"]
[Site "?"]
[Date "2013.05.20"]
[Round "3.8"]
[White "Rosmait, Emily"]
[Black "Koch, Elisabeth"]
[Result "1/2-1/2"]
[WhiteElo "1754"]
[BlackElo "1732"]
[PlyCount "60"]
[EventDate "2013.??.??"]

1. e4 e5 2. Nf3 Nc6 3. Bb5 a6 4. Ba4 Nf6 5. O-O Nxe4 6. d4 b5 7. Bb3 d5 8. dxe5
Be6 9. Be3 Bc5 10. Bxc5 Nxc5 11. Nc3 Nxb3 12. axb3 O-O 13. Re1 Ne7 14. b4 Nc6
15. Na2 Qe7 16. Qd2 Rfd8 17. Nd4 Nxd4 18. Qxd4 c6 19. Nc3 Qc7 20. Ne2 a5 21.
Kh1 axb4 22. Qxb4 Rxa1 23. Rxa1 Qxe5 24. Nd4 Rc8 25. Qc5 h6 26. h3 Bd7 27. Ra7
Qe1+ 28. Kh2 Qe8 29. Qd6 Rd8 30. Rc7 Kh7 1/2-1/2

[Event "DEM U16w Oberhof"]
[Site "?"]
[Date "2013.05.20"]
[Round "3.10"]
[White "Hartewig, Anja"]
[Black "Mao, Yvonne"]
[Result "0-1"]
[WhiteElo "1809"]
[BlackElo "1310"]
[PlyCount "86"]
[EventDate "2013.??.??"]

1. d4 d5 2. c4 c6 3. Nf3 Nf6 4. g3 dxc4 5. Ne5 b5 6. Bg2 Bb7 7. a4 a6 8. O-O e6
9. Na3 Nd5 10. e4 Nf6 11. Bg5 h6 12. Bxf6 Qxf6 13. b3 Bxa3 14. Rxa3 b4 15. Ng4
Qd8 16. Ra1 c3 17. a5 O-O 18. Ne3 Qe7 19. Nc2 Rd8 20. Qe2 c5 21. Qc4 cxd4 22.
Nxd4 e5 23. Nf5 Qf8 24. Qc7 Bc8 25. Ne7+ Kh8 26. Nxc8 Rxc8 27. Qxe5 Qc5 28. Qf4
Ra7 29. e5 Nc6 30. Bxc6 Qxc6 31. Qxb4 Rd7 32. Rac1 Qf3 33. Qa3 c2 34. Qa1 Qxb3
35. Kg2 Rcd8 36. Rfe1 Rd1 37. Kf1 Rxe1+ 38. Kxe1 Qb4+ 39. Kf1 Qd2 40. Kg2 Qd5+
41. Kg1 Qd2 42. Qb2 Qxc1+ 43. Qxc1 Rd1+ 0-1

[Event "DEM U16w Oberhof"]
[Site "?"]
[Date "2013.05.20"]
[Round "3.11"]
[White "Lemke, Berfin"]
[Black "Paliy, Margaryta"]
[Result "1-0"]
[WhiteElo "1574"]
[BlackElo "1676"]
[PlyCount "103"]
[EventDate "2013.??.??"]

1. e4 c6 2. d4 d5 3. Nc3 dxe4 4. Nxe4 Bf5 5. Ng3 Bg6 6. h4 h6 7. h5 Bh7 8. Nf3
Nf6 9. Bd3 Bxd3 10. Qxd3 e6 11. Bd2 c5 12. Ne4 Nxe4 13. Qxe4 Nc6 14. dxc5 Bxc5
15. O-O-O Qb6 16. Bc3 Rg8 17. Qh7 Kf8 18. Rd7 Ne7 19. Ne5 Bb4 20. Bxb4 Qxb4 21.
Rhd1 Qf4+ 22. Kb1 Re8 23. Rxe7 Kxe7 24. Rd7+ Kf8 25. Rxf7+ Qxf7 26. Nxf7 Kxf7
27. Qg6+ Ke7 28. Qe4 Rd8 29. Qxb7+ Rd7 30. Qb4+ Kf7 31. b3 Rgd8 32. Qf4+ Ke7
33. Qe5 Kf7 34. Qg3 Rd1+ 35. Kb2 R8d2 36. Qg6+ Kf8 37. Qxe6 Rxf2 38. Qc8+ Kf7
39. Qc4+ Ke8 40. Qe4+ Kf7 41. Qc4+ Ke8 42. Qe4+ Kf7 43. Qb7+ Kf6 44. Qc6+ Kf7
45. Qc7+ Kf6 46. Qxa7 Rdd2 47. Qb6+ Ke7 48. Qc7+ Kf6 49. Kc1 Rxg2 50. Qf4+ Ke7
51. Qxd2 Rxd2 52. Kxd2 1-0

[Event "DEM U16w Oberhof"]
[Site "?"]
[Date "2013.05.20"]
[Round "3.12"]
[White "Schlichter, Lisa"]
[Black "Gazizova, Alina"]
[Result "1-0"]
[WhiteElo "1659"]
[BlackElo "1074"]
[PlyCount "55"]
[EventDate "2013.??.??"]

1. e4 c5 2. Nc3 Nc6 3. Bb5 g6 4. Bxc6 bxc6 5. b3 Bg7 6. Bb2 Rb8 7. Nf3 e6 8.
O-O Ne7 9. Re1 O-O 10. Rb1 Re8 11. Ba3 Qa5 12. Na4 c4 13. Bd6 Rb5 14. Qe2 Ba6
15. Qe3 Bb7 16. d4 Nc8 17. Bg3 Nb6 18. Nc5 Bc8 19. a4 Bxd4 20. Qxd4 Rxc5 21. b4
e5 22. Qe3 Qxa4 23. bxc5 Qxc2 24. cxb6 a6 25. b7 Bxb7 26. Rxb7 Rd8 27. Bxe5 a5
28. Qh6 1-0

[Event "DEM U16w Oberhof"]
[Site "?"]
[Date "2013.05.21"]
[Round "4.1"]
[White "Heinemann, Josefine"]
[Black "Bluhm, Sonja Maria"]
[Result "1-0"]
[WhiteElo "1970"]
[BlackElo "2030"]
[PlyCount "81"]
[EventDate "2013.??.??"]

1. e4 e5 2. Nf3 Nc6 3. Bb5 a6 4. Ba4 Nf6 5. O-O Be7 6. d3 b5 7. Bb3 d6 8. a4
Bb7 9. Nc3 b4 10. Ne2 Na5 11. Ba2 c5 12. Ng3 Rc8 13. Bd2 O-O 14. Re1 Nc6 15. c3
bxc3 16. bxc3 d5 17. exd5 Nxd5 18. Nxe5 Nxe5 19. Rxe5 Bf6 20. Bxd5 Bxd5 21. Re1
Bc6 22. Ne4 Be7 23. Qc2 f5 24. Ng3 f4 25. Ne2 f3 26. Nf4 Bd6 27. Qb3+ Kh8 28.
Qc4 fxg2 29. Ne6 Qe8 30. Qg4 Rg8 31. Ng5 Qf8 32. Qxc8 Bxh2+ 33. Kxh2 Qxf2 34.
Nf7+ Qxf7 35. Qxc6 Qh5+ 36. Kxg2 Qg4+ 37. Kh1 Qh3+ 38. Kg1 Qxd3 39. Qg2 Rf8 40.
Re3 Qd7 41. Rae1 1-0

[Event "DEM U16w Oberhof"]
[Site "?"]
[Date "2013.05.21"]
[Round "4.2"]
[White "Schwarz, Larissa"]
[Black "Zahn, Alina"]
[Result "1-0"]
[WhiteElo "1943"]
[BlackElo "1935"]
[PlyCount "63"]
[EventDate "2013.??.??"]

1. e4 e5 2. Nf3 Nc6 3. Bb5 a6 4. Ba4 Nf6 5. O-O b5 6. Bb3 Be7 7. Re1 d6 8. c3
O-O 9. h3 Na5 10. Bc2 c5 11. d4 cxd4 12. cxd4 Bb7 13. d5 Qc7 14. Nbd2 Rac8 15.
Bd3 Nd7 16. Nf1 f5 17. Ng3 f4 18. Nf5 Bd8 19. Bd2 Nc4 20. Rc1 Qb8 21. Bxc4 bxc4
22. Bb4 Nc5 23. Rxc4 Nxe4 24. Nh6+ gxh6 25. Rexe4 Rxc4 26. Rxc4 a5 27. Bc3 Bb6
28. Re4 Rf5 29. Nxe5 dxe5 30. Qg4+ Rg5 31. Qe6+ Kh8 32. Rxe5 1-0

[Event "DEM U16w Oberhof"]
[Site "?"]
[Date "2013.05.21"]
[Round "4.3"]
[White "Gassmann, Linda"]
[Black "Schaefer, Annabelle"]
[Result "1-0"]
[WhiteElo "1784"]
[BlackElo "1957"]
[PlyCount "75"]
[EventDate "2013.??.??"]

1. d4 Nf6 2. Nf3 g6 3. e3 Bg7 4. Bd3 d6 5. Nbd2 O-O 6. b3 Nbd7 7. Bb2 b6 8. c4
Bb7 9. Qc2 a5 10. O-O Ne8 11. Be4 Bxe4 12. Nxe4 e5 13. dxe5 dxe5 14. Rad1 Qe7
15. Rd2 f5 16. Nc3 c6 17. Rfd1 Ra7 18. Qc1 Nc5 19. Ba3 Nf6 20. Bxc5 bxc5 21.
Qc2 e4 22. Ne1 Ng4 23. h3 Ne5 24. Na4 g5 25. g3 h5 26. Kg2 h4 27. f3 exf3+ 28.
Nxf3 Nxf3 29. Kxf3 g4+ 30. hxg4 fxg4+ 31. Kg2 hxg3 32. Rh1 Rf3 33. Qg6 Rd7 34.
Re2 Rxe3 35. Qh7+ Kf8 36. Rf1+ Ke8 37. Qg8+ Bf8 38. Rxf8+ 1-0

[Event "DEM U16w Oberhof"]
[Site "?"]
[Date "2013.05.21"]
[Round "4.4"]
[White "Diederichs, Luise"]
[Black "Fesselier, Melissa"]
[Result "1/2-1/2"]
[WhiteElo "1906"]
[BlackElo "1738"]
[PlyCount "42"]
[EventDate "2013.??.??"]

1. e4 c5 2. Nc3 e6 3. g3 Nc6 4. Bg2 g6 5. f4 d6 6. Nf3 Bg7 7. O-O Nge7 8. Ne2
Qb6 9. Kh1 O-O 10. c3 e5 11. d3 f5 12. Qc2 Bd7 13. Be3 Kh8 14. fxe5 fxe4 15.
dxe4 Nxe5 16. Nxe5 Bxe5 17. Nf4 a5 18. Nd3 Bg7 19. Bf4 Be6 20. Rfe1 h6 21. Be3
Qc7 1/2-1/2

[Event "DEM U16w Oberhof"]
[Site "?"]
[Date "2013.05.21"]
[Round "4.5"]
[White "Siegl, Melina"]
[Black "Srokovskiy, Andrea"]
[Result "1/2-1/2"]
[WhiteElo "1773"]
[BlackElo "1767"]
[PlyCount "81"]
[EventDate "2013.??.??"]

1. f4 d5 2. Nf3 Nf6 3. b3 Bf5 4. e3 e6 5. Bb2 Be7 6. Bb5+ c6 7. Be2 h6 8. h3
O-O 9. O-O Ne4 10. Qe1 Bf6 11. Be5 Nd7 12. d3 Bxe5 13. Nxe5 Nd6 14. Nd2 f6 15.
Nef3 e5 16. g4 Bg6 17. Qg3 Qe7 18. Rae1 e4 19. Nd4 c5 20. f5 Bf7 21. Ne6 Bxe6
22. fxe6 Qxe6 23. dxe4 Nxe4 24. Nxe4 Qxe4 25. Bf3 Qe6 26. Qg2 Nb6 27. a4 a5 28.
e4 d4 29. e5 fxe5 30. Bxb7 Rab8 31. Rxf8+ Rxf8 32. Qe2 Rf7 33. Bg2 Rc7 34. Qb5
Nd5 35. Qxa5 Rc8 36. Be4 g6 37. Qd2 Kg7 38. Bxd5 Qxd5 39. Qe2 Re8 40. Qe4 Qxe4
41. Rxe4 1/2-1/2

[Event "DEM U16w Oberhof"]
[Site "?"]
[Date "2013.05.21"]
[Round "4.6"]
[White "Bosse, Lea"]
[Black "Rosmait, Emily"]
[Result "1-0"]
[WhiteElo "1604"]
[BlackElo "1754"]
[PlyCount "109"]
[EventDate "2013.??.??"]

1. e4 e5 2. Nf3 Nc6 3. d4 exd4 4. Bc4 Nf6 5. e5 d5 6. Bb5 Ne4 7. Nxd4 Bd7 8.
Bxc6 bxc6 9. O-O Bc5 10. Be3 Qe7 11. Re1 O-O 12. f3 Ng5 13. f4 Ne4 14. Nd2 Bxd4
15. Bxd4 Nxd2 16. Qxd2 c5 17. Bf2 c6 18. Qa5 d4 19. c3 Rfc8 20. cxd4 cxd4 21.
Bxd4 c5 22. Bf2 Be6 23. Qa3 Qc7 24. Rac1 c4 25. Bd4 Qb7 26. Qe3 a6 27. Qf2 Qd7
28. Red1 Rd8 29. Rd2 Rac8 30. Bc3 Qc6 31. Rcd1 Rd5 32. f5 Rxd2 33. Rxd2 Bd5 34.
Qd4 Be4 35. e6 f6 36. g4 h6 37. Qd7 Qb6+ 38. Bd4 Qb8 39. Qf7+ Kh7 40. Qg6+ Kh8
41. Bxf6 gxf6 42. Qxf6+ Kg8 43. Qg6+ Kh8 44. Qxh6+ Kg8 45. Qg6+ Kh8 46. Qf6+
Kg8 47. e7 Qa7+ 48. Kf1 Bd3+ 49. Rxd3 cxd3 50. Qe6+ Kh7 51. Qg6+ Kh8 52. e8=Q+
Rxe8 53. Qxe8+ Kg7 54. Qg6+ Kf8 55. f6 1-0

[Event "DEM U16w Oberhof"]
[Site "?"]
[Date "2013.05.21"]
[Round "4.7"]
[White "Bork, Sophie"]
[Black "Weber, Sandra"]
[Result "1-0"]
[WhiteElo "1434"]
[BlackElo "1766"]
[PlyCount "162"]
[EventDate "2013.??.??"]

1. e4 c5 2. c3 g6 3. d4 cxd4 4. cxd4 d5 5. exd5 Nf6 6. Nc3 Nxd5 7. Nf3 Nc6 8.
h3 Bg7 9. Be2 O-O 10. O-O Bf5 11. a3 Rc8 12. Re1 Na5 13. Bd2 Nb6 14. Be3 Nac4
15. Qb3 Qd7 16. Rad1 Na5 17. Qa2 Bc2 18. Rd2 Bb3 19. Qb1 Nac4 20. Bxc4 Nxc4 21.
Rde2 e6 22. Nd2 Nxd2 23. Rxd2 Qc6 24. Rc1 Bd5 25. f3 Bxf3 26. gxf3 Qxf3 27. Qd3
Qxh3 28. Rh2 Qg4+ 29. Rg2 Qh5 30. Rcc2 e5 31. d5 Rcd8 32. Rg5 Qh4 33. Rh2 Qe1+
34. Kg2 f6 35. Rg3 Qa1 36. Qd2 Kh8 37. Rh1 Rxd5 38. Nxd5 Qa2 39. Rgh3 h5 40.
Bh6 Rd8 41. Bxg7+ Kxg7 42. Rd3 Qc4 43. Rhh3 Qg4+ 44. Rhg3 Qe4+ 45. Kf2 h4 46.
Rh3 g5 47. Nc3 Qf5+ 48. Rhf3 Rxd3 49. Qxd3 Qe6 50. Qb5 g4 51. Qxb7+ Kh6 52. Rd3
Qf5+ 53. Ke2 Qf4 54. Qxa7 h3 55. Qg1 h2 56. Qg2 g3 57. Rxg3 Qxg3 58. Qxg3 h1=Q
59. Qe3+ Kg7 60. Qa7+ Kh6 61. Qb8 Qg2+ 62. Kd3 Qf1+ 63. Kc2 Qf5+ 64. Kd2 Qf4+
65. Kd1 Qf1+ 66. Kc2 Qf5+ 67. Kb3 Qe6+ 68. Kb4 Qe7+ 69. Ka4 Qd7+ 70. Qb5 Qa7+
71. Kb3 Qf7+ 72. Nd5 Qe6 73. a4 e4 74. Kc3 Qe5+ 75. Kd2 Qg5+ 76. Ne3 Qf4 77.
Qb6 Qf2+ 78. Kc3 Kg6 79. a5 Qe2 80. Qd4 Qf3 81. a6 Qf1 1-0

[Event "DEM U16w Oberhof"]
[Site "?"]
[Date "2013.05.21"]
[Round "4.8"]
[White "Koch, Elisabeth"]
[Black "Lemke, Berfin"]
[Result "0-1"]
[WhiteElo "1732"]
[BlackElo "1574"]
[PlyCount "30"]
[EventDate "2013.??.??"]

1. e4 c5 2. Nc3 Nc6 3. f4 g6 4. Nf3 Bg7 5. d3 e6 6. g3 Nge7 7. e5 Nf5 8. Ne4 d5
9. Nxc5 Qa5+ 10. c3 Qxc5 11. d4 Qb6 12. Bd3 Bd7 13. Qe2 Na5 14. Bxf5 exf5 15.
O-O Bb5 0-1

[Event "DEM U16w Oberhof"]
[Site "?"]
[Date "2013.05.21"]
[Round "4.9"]
[White "Mao, Yvonne"]
[Black "Titgemeyer, Eva Maria"]
[Result "1/2-1/2"]
[WhiteElo "1310"]
[BlackElo "1567"]
[PlyCount "63"]
[EventDate "2013.??.??"]

1. e4 e5 2. Nf3 Nc6 3. Nc3 Nf6 4. a3 a6 5. d4 exd4 6. Nxd4 Bc5 7. Nxc6 bxc6 8.
Bg5 d6 9. f4 Qe7 10. g3 h6 11. Bxf6 Qxf6 12. Bg2 Rb8 13. Na4 Ba7 14. Qd3 O-O
15. O-O-O Rb5 16. Qc3 Qxc3 17. Nxc3 Be3+ 18. Kb1 Rb6 19. Rd3 Bc5 20. b4 Rb8 21.
Kc1 Ba7 22. Re1 c5 23. Nd5 cxb4 24. axb4 Bb6 25. e5 Re8 26. Kd2 Bf5 27. Rc3
dxe5 28. Rxe5 Rxe5 29. fxe5 Be6 30. Nxc7 Bxc7 31. Rxc7 Rxb4 32. Ra7 1/2-1/2

[Event "DEM U16w Oberhof"]
[Site "?"]
[Date "2013.05.21"]
[Round "4.10"]
[White "Priese, Annika"]
[Black "Kovac, Laura"]
[Result "0-1"]
[WhiteElo "1703"]
[BlackElo "1362"]
[PlyCount "84"]
[EventDate "2013.??.??"]

1. e4 c5 2. Nf3 g6 3. d4 Bg7 4. Nc3 cxd4 5. Nxd4 a6 6. Be3 e6 7. Qd2 Ne7 8.
O-O-O Nbc6 9. g4 O-O 10. h4 d5 11. Nxc6 bxc6 12. Na4 Rb8 13. b3 Qc7 14. Bg2 Bb7
15. h5 Rfd8 16. hxg6 Nxg6 17. Rh5 dxe4 18. Qb4 Rxd1+ 19. Kxd1 Rd8+ 20. Ke1 Qd7
21. Qd2 Bd4 22. Bxd4 Qxd4 23. Qxd4 Rxd4 24. Nc5 Nf4 25. Rg5+ Kf8 26. Bxe4 f6
27. Bxh7 fxg5 28. Nxb7 Rd7 29. Be4 Rxb7 30. Bxc6 Rc7 31. Be4 Nd5 32. a3 Nc3 33.
Bd3 Rc6 34. a4 Ke7 35. Kd2 Kd6 36. Ke3 Ke5 37. f3 Nd5+ 38. Kd2 Kf4 39. Ke2 Nb4
40. Be4 Rd6 41. Ke1 Nd5 42. Kd2 Nf6+ 0-1

[Event "DEM U16w Oberhof"]
[Site "?"]
[Date "2013.05.21"]
[Round "4.11"]
[White "Weiten, Katharina"]
[Black "Schlichter, Lisa"]
[Result "0-1"]
[WhiteElo "1080"]
[BlackElo "1659"]
[PlyCount "78"]
[EventDate "2013.??.??"]

1. e4 c5 2. d4 cxd4 3. c3 g6 4. cxd4 d5 5. exd5 Nf6 6. Nc3 Bg7 7. Nf3 O-O 8.
Bc4 Nbd7 9. Be3 a6 10. O-O b5 11. Bb3 Nb6 12. Qd2 Nfxd5 13. Nxd5 Nxd5 14. Bxd5
Qxd5 15. Bh6 Bb7 16. Rfe1 Rfe8 17. Qg5 Qxg5 18. Bxg5 f6 19. Bd2 Rad8 20. Bc3
Bxf3 21. gxf3 f5 22. Rad1 Rd5 23. Bb4 Kf7 24. Bc5 e6 25. Rc1 Red8 26. Bb6 R8d7
27. Rc8 Bxd4 28. Bxd4 Rxd4 29. Ra8 Rd1 30. Rxd1 Rxd1+ 31. Kg2 Rd2 32. Rxa6 Rxb2
33. Ra5 g5 34. Kg3 f4+ 35. Kg4 Kf6 36. h4 gxh4 37. Kxf4 Rb4+ 38. Ke3 h3 39. Ra7
Rh4 0-1

[Event "DEM U16w Oberhof"]
[Site "?"]
[Date "2013.05.21"]
[Round "4.12"]
[White "Michels, Kim"]
[Black "Hartewig, Anja"]
[Result "1/2-1/2"]
[WhiteElo "1641"]
[BlackElo "1809"]
[PlyCount "98"]
[EventDate "2013.??.??"]

1. e4 d6 2. d4 Nf6 3. Nc3 g6 4. Nf3 Bg7 5. Be3 c6 6. Qd2 O-O 7. h4 b5 8. Bd3
Ng4 9. h5 Nxe3 10. Qxe3 b4 11. Ne2 Qa5 12. hxg6 fxg6 13. Bc4+ d5 14. Bb3 e6 15.
O-O-O Qc7 16. Rh4 a5 17. Ba4 Na6 18. Rdh1 h6 19. Ne5 g5 20. Rxh6 Bxe5 21. dxe5
Qxe5 22. Rg6+ Kf7 23. Rxg5 Qd6 24. Qf4+ Qxf4+ 25. Nxf4 Nc5 26. Bxc6 Ra6 27. Bb5
Rb6 28. Rh7+ Kf6 29. Rg6+ Ke5 30. Nd3+ Nxd3+ 31. Bxd3 dxe4 32. Bc4 Rxf2 33. Rc7
Ba6 34. Bxa6 Rxa6 35. g4 Rd6 36. Rc5+ Rd5 37. Rg5+ Kd4 38. Rxa5 e3 39. Raxd5+
exd5 40. Rf5 Rg2 41. Rf4+ Ke5 42. Rf5+ Ke4 43. Kd1 Rxg4 44. Rf7 Rg1+ 45. Ke2
Rb1 46. Re7+ Kd4 47. c3+ bxc3 48. bxc3+ Kxc3 49. Rxe3+ Kb4 1/2-1/2

[Event "DEM U16w Oberhof"]
[Site "?"]
[Date "2013.05.21"]
[Round "4.13"]
[White "Paliy, Margaryta"]
[Black "Gazizova, Alina"]
[Result "1-0"]
[WhiteElo "1676"]
[BlackElo "1074"]
[PlyCount "111"]
[EventDate "2013.??.??"]

1. e4 c5 2. b3 Nf6 3. Nc3 d6 4. Bb2 a6 5. g3 e6 6. Bg2 Nc6 7. f4 Bd7 8. Nf3 Rb8
9. d4 cxd4 10. Nxd4 Be7 11. Qd2 O-O 12. O-O-O e5 13. Nf3 b5 14. Rhe1 Be6 15.
Nd5 Bg4 16. Nxf6+ Bxf6 17. Qxd6 Qxd6 18. Rxd6 Bxf3 19. Bxf3 Nd4 20. Bxd4 exd4
21. e5 Bd8 22. Rxd4 Ba5 23. Red1 Bc3 24. Rd6 a5 25. Rc6 Rfc8 26. Rxc8+ Rxc8 27.
Rd5 Rb8 28. Be2 h6 29. Bxb5 Be1 30. Kd1 Bf2 31. Ba4 Ra8 32. Rd2 Bb6 33. f5 Rd8
34. Rxd8+ Bxd8 35. e6 fxe6 36. fxe6 Be7 37. Ke2 g5 38. Kf3 Kg7 39. Kg4 Kf6 40.
Bd7 Bf8 41. h4 Be7 42. h5 Bb4 43. Kf3 Bd6 44. g4 Ke5 45. Ke3 Bc5+ 46. Kd3 Kf4
47. e7 Bxe7 48. Kd4 Bd8 49. c4 Bf6+ 50. Kd5 Bd8 51. a3 Ke3 52. b4 axb4 53. axb4
Kd3 54. c5 Kc3 55. b5 Kb4 56. b6 1-0

[Event "DEM U16w Oberhof"]
[Site "?"]
[Date "2013.05.21"]
[Round "5.1"]
[White "Gassmann, Linda"]
[Black "Heinemann, Josefine"]
[Result "1/2-1/2"]
[WhiteElo "1784"]
[BlackElo "1970"]
[PlyCount "57"]
[EventDate "2013.??.??"]

1. d4 Nf6 2. c4 g6 3. Nc3 d5 4. cxd5 Nxd5 5. Nxd5 Qxd5 6. Nf3 Bg7 7. e3 O-O 8.
Bd2 c5 9. Bc3 Nc6 10. dxc5 Bxc3+ 11. bxc3 Qxc5 12. Rc1 Be6 13. Qa4 Qd5 14. c4
Qc5 15. Be2 Rac8 16. O-O Rfd8 17. Rb1 b6 18. Rb5 Qd6 19. c5 bxc5 20. Rd1 Qc7
21. Rxc5 Rxd1+ 22. Bxd1 Qd6 23. Rc1 Rd8 24. Be2 Ne5 25. Rd1 Nxf3+ 26. Bxf3 Qb8
27. Rxd8+ Qxd8 28. Qxa7 Qd2 29. Qb8+ 1/2-1/2

[Event "DEM U16w Oberhof"]
[Site "?"]
[Date "2013.05.21"]
[Round "5.2"]
[White "Bosse, Lea"]
[Black "Schwarz, Larissa"]
[Result "0-1"]
[WhiteElo "1604"]
[BlackElo "1943"]
[PlyCount "94"]
[EventDate "2013.??.??"]

1. e4 c5 2. Nf3 e6 3. d4 cxd4 4. Nxd4 a6 5. Be3 Qc7 6. Nc3 Bb4 7. Qd2 Nf6 8. f3
d5 9. Bd3 e5 10. Nb3 d4 11. Nxd4 exd4 12. Bxd4 Nbd7 13. O-O-O O-O 14. f4 Bc5
15. Bxc5 Nxc5 16. e5 Nxd3+ 17. Qxd3 Ng4 18. Qf3 Qc5 19. Rd2 Qe3 20. Qxe3 Nxe3
21. Re1 Nc4 22. Rd4 Na5 23. Red1 Nc6 24. Rd6 Bg4 25. R1d2 Rad8 26. Ne4 Rxd6 27.
Nxd6 b6 28. h3 Bc8 29. g4 Rd8 30. a3 f6 31. exf6 gxf6 32. f5 Kf8 33. Nxc8 Rxc8
34. Rd7 Ne7 35. Rd6 Rc6 36. Rxc6 Nxc6 37. Kd2 h5 38. b3 hxg4 39. hxg4 Ne5 40.
Ke3 Nxg4+ 41. Ke4 Ke7 42. a4 Kd6 43. b4 Ne5 44. c3 Nc4 45. Kd4 b5 46. a5 Kc6
47. Ke4 Nd6+ 0-1